000 00655nam a2200193Ii 4500
003 JO-AjNU
008 230605s9999||||xx |||||||||||||| ||und||
040 _aJO-AjNU
_bara
_erda
_cJO-AjNU
041 _aara
050 1 4 _aPJ7700.I133.A16 1900
100 3 _aتأليف إبن المقفع,
_eauthor
_939417
245 0 0 _aالأدب الكبير والأدب الصغير
264 3 1 _aبيروت:دار الجيل،1900
300 _a191ص
336 _atext
_btxt
_2rdacontent
337 _aunmediated
_bn
_2rdamedia
338 _avolume
_bnc
_2rdacarrier
650 4 _a الأدب العربي - العصر الأموي - النثر العربي
_939418
999 _aA16645
_c20213
_d20213